00654nam a2200169 i 450000100060000000300090000600500170001500700030003200800410003510000480007624501280012426000350025230000390028785200210032699900170034795201200036439807ES-MaACL20230912063107.0t|030304s1914 sp ||||1| spa d1 aCanido y Pardo, Senén,d1858-1929917614910aMemoria elevada al gobierno de S. M. en la solemne apertura de los tribunales el día 15 septiembre 1914 / cSenen Canido. aMadrid : bLa Editora, c1914. aLXII, 54 p., 10 gráf. ; c23 cm. aES-MaACLjF-9924 c39807d39807 00104070aATENEOMbATENEOMcSPP2d2008-01-17eSCl0oF-9924p1041918r2023-02-23 00:00:00w2023-02-23yMONOGRAFIA